al-Jāmiʻah al-ʻArabīyah, (Record no. 48678)

MARC details
000 -LEADER
fixed length control field 00602cam a22002171 4500
001 - CONTROL NUMBER
control field ne 66000268
003 - CONTROL NUMBER IDENTIFIER
control field DLC
005 - DATE AND TIME OF LATEST TRANSACTION
control field 20260227111820.0
008 - FIXED-LENGTH DATA ELEMENTS--GENERAL INFORMATION
fixed length control field 940830s1964 ua abc 000 0 arar
010 ## - LIBRARY OF CONGRESS CONTROL NUMBER
LC control number ne 66000268
035 ## - SYSTEM CONTROL NUMBER
System control number (OCoLC)31033219
040 ## - CATALOGING SOURCE
Original cataloging agency DLC
Transcribing agency CU
Modifying agency CU
-- DLC
042 ## - AUTHENTICATION CODE
Authentication code premarc
050 00 - LIBRARY OF CONGRESS CALL NUMBER
Classification number DS36.2
Item number .M8
130 0# - MAIN ENTRY--UNIFORM TITLE
Uniform title Muṣawwar.
245 13 - TITLE STATEMENT
Title al-Jāmiʻah al-ʻArabīyah,
Remainder of title ʻadad khāṣṣ.
260 ## - PUBLICATION, DISTRIBUTION, ETC.
Place of publication, distribution, etc. [al-Qāhirah]
Name of publisher, distributor, etc. al-Muṣawwar,
Date of publication, distribution, etc. 1964.
300 ## - PHYSICAL DESCRIPTION
Extent 130 p.
Other physical details illus. (part col.) maps, ports.
Dimensions 34 cm.
500 ## - GENERAL NOTE
General note Cover title.
610 20 - SUBJECT ADDED ENTRY--CORPORATE NAME
Corporate name or jurisdiction name as entry element League of Arab States.

No items available.

Powered by Koha